[Event "World Cup "]
[Site "Khanty-Mansiysk RUS"]
[Date "2009.12.08"]
[Round "6.6"]
[White "Malakhov, Vladimir"]
[Black "Ponomariov, Ruslan"]
[Result "0-1"]
[WhiteElo "2706"]
[BlackElo "2739"]
[Annotator "Ñåðãåé Øèïîâ"]
[PlyCount "50"]
[EventDate "2009.??.??"]

{Â ïîñëåäíåé ïàðòèè ðîññèéñêèé ãðîññìåéñòåð óæå íå áûë ïîõîæ íà ñåáÿ. Âèäèìî,
÷òî-òî ñëîìàëîñü âíóòðè...} 1. d4 Nf6 2. c4 e6 3. Nc3 Bb4 4. Qc2 d5 $1 {
Î÷åíü óäà÷íûé âûáîð! Âìåñòî òîãî, ÷òîáû îñòîðîæíè÷àòü è îòñèæèâàòüñÿ â
îáîðîíå, Ðóñëàí ñìåëî ïîøåë íà ëîáîâóþ èãðó, ÷åì è ñìóòèë ñîïåðíèêà.} 5. cxd5
exd5 6. Bg5 c5 $1 7. Nf3 h6 8. Bh4 {Â îìóò ñ ãîëîâîé.} ({
Ñèëüíûå èãðîêè â äàííîì ïîëîæåíèè âñå, êàê îäèí, èãðàþò} 8. Bxf6 Qxf6 9. a3 {
, è äàëåå óæå åñòü öåëàÿ òåîðèÿ.}) 8... g5 9. Bg3 Ne4 {Ó ÷åðíûõ íåøóòî÷íàÿ
èíèöèàòèâà, ñïðàâèòüñÿ ñ êîòîðîé ìîæíî ëèøü èãðàÿ î÷åíü òî÷íî.} 10. e3 ({
Íàñêîëüêî ÿ çíàþ, àêòóàëüíåå} 10. dxc5 Nc6 11. e3 Qa5 12. Nd2 $1) 10... Bf5
11. Bd3 c4 $1 {×åðíûå ôîðñèðóþò âûãîäíûå ðàçìåíû.} 12. Bxe4 Bxe4 13. Qa4+ Nc6
14. Ne5 ({Ìàëîïåðñïåêòèâíî è} 14. O-O Bxc3 15. bxc3 O-O) 14... Bxg2 $1 {
Óìåñòíûé ìàòåðèàëèçì.} 15. Nxc6 $2 {Íåóäà÷íàÿ íîâèíêà.} ({Ñòîëáîâóþ äîðîãó
ïðîëîæèëè áîëåå ïîëóâåêà íàçàä â ïàðòèè Â. Ñèìàãèí - Â. Àíòîøèí, Ìîñêâà 1953:} 
15. Rg1 Bh3 (15... Be4 $5) 16. Nxc6 Bxc3+ 17. bxc3 Qd7 18. Be5 O-O 19. Qd1 bxc6
20. Qh5 {, è çäåñü ÷åðíûå îøèáëèñü. Ê íè÷åéíîé ðàçâÿçêå âåëî} f6 $1 ({
à â ïàðòèè áûëî} 20... Kh7 21. Rxg5 {ñ ïåðåâåñîì ó áåëûõ.}) 21. Qxh6 Qh7 22.
Rxg5+ fxg5 23. Qxg5+ Kf7 24. Qf6+ Ke8 25. Qxc6+ Kf7 26. Qf6+ {- âå÷íûé øàõ.})
15... Bxc3+ 16. bxc3 Qd7 17. Rg1 Be4 18. Be5 Rg8 {Áåëûå îñòàëèñü áåç ïåøêè - è
íèêàêîé ïîçèöèîííîé êîìïåíñàöèè. Ñêîðåå, íàîáîðîò... Äàëüíåéøåå êîììåíòèðîâàòü
óæå íå ñòîèò.} 19. f3 Bd3 20. e4 Qxc6 21. Qa5 dxe4 22. Kf2 f6 23. Bg3 b6 24.
Qb4 e3+ $1 25. Ke1 Qxf3 {È èíòåðåñíåéøèé ìàò÷ çàâåðøèëñÿ. Ïîçäðàâëÿþ Ðóñëàíà
Ïîíîìàðåâà ñ âûäàþùèìñÿ óñïåõîì.  Õîòåë áû ïîääåðæàòü ñâîåãî îäíîêàøíèêà ïî
ÔèçÔàêó ÌÃÓ Âîëîäþ Ìàëàõîâà - îí áèëñÿ äîñòîéíî è íå óðîíèë ÷åñòü ôëàãà.} 0-1